000 00726nam a2200181 i 4500
001 40115
003 ES-MaACL
005 20230906160139.0
007 t|
008 030305s1877 sp |||| | spa d
245 0 3 _aEl cañón Armstrong de cien toneladas
_b: traducción de las correspondencias publicadas por el Times sobre las pruebas de artillería recientemente llevadas a cabo en Italia, en el arsenal y puerto de Spezia en los meses de octubre y noviembre últimos.
260 _aMadrid :
_b[s.n.],
_c1877 (
_fEstab. Tip. de G. Estrada)
300 _a79 p. ;
_c25 cm.
650 4 _aCañones.
_9135743
650 4 _aTiro de artillería.
_9155696
650 4 _aArtillería naval.
_9155697
852 _aES-MaACL
_jT-255-F-5
999 _c40115
_d40115